Czyja to stolica Ameryka Północna - Statystyki

Ogólne statystyki
  • Ten quiz został rozwiązany 89 razy
  • Średni wynik to 12 z 23
Statystyki odpowiedzi
Hint Odpowiedź % Poprawnych
Meksyk Meksyk
91%
Panama Panama
91%
San Salvador Salwador
91%
Waszyngton USA
91%
Ottawa Kanada
89%
Gwatemala Gwatemala
82%
Hawana Kuba
73%
Managua Nikaragua
67%
Port-au-Prince Haiti
64%
Kingston Jamajka
64%
San José Kostaryka
62%
Santo Domingo Dominikana
58%
Tegucigalpa Honduras
58%
Nassau Bahamy
42%
Belmopan Belize
42%
Port of Spain Trinidad i Tobago
38%
Saint John’s Antigua i Barbuda
27%
Basseterre Saint Kitts i Nevis
24%
Roseau Dominika
20%
Saint George’s Grenada
18%
Bridgetown Barbados
16%
Castries Saint Lucia
16%
Kingstown Saint Vincent i Grenadyny
11%
Nie znaleziono quizów pasujących do podanych kryteriów
Rozkład punktacji
Procent ludzi z każdym wynikiem
Percentyl według liczby udzielonych odpowiedzi
Twoja historia wyników
Nie rozwiązałeś tego quizu